000
00318nam a2200133Ia 4500
008
220216s9999 xx 000 0 und d
100
_a
Schidrowitz P
245
0
_a
Rubber as a substitute for leather
260
_b
IRI Transactions
_c
1929
300
_a
207-218
650
_a
Leather
650
_a
Rubber
942
_c
JS
999
_c
67459
_d
67459